000 00508nam a2200181 a 4500
001 3538
005 20140414132133.0
008 060509s19uu xx 00 eng d
020 _a9789810177799
050 _aTR 507.7
_bKh45 2010
245 _aScience 3A Workbook Part1 /
_cTeo-Gwan Wai Lan.
250 _a2nd
260 _aSingapore :
_bMarshall Cavendish Education,
_c2010.
300 _a88 p. : ill. ; cm.
440 _aMy Pals Are Here!
650 _aScience
_xStudy and teaching.
999 _c115288
_d115288